000 00487nam a22001937a 4500
003 MPLRDC
005 20220104123602.0
008 210129b ||||| |||| 00| 0 eng d
020 _a957-679-024-7
082 _a177.2 XE-2
100 _a拿破仑. 希尔等著; 程怡编译
245 _a你也可以成为一条龙
_c
250 _a初版
260 _a
_b方智出版公司
_c1992
300 _b
490 _a社会大学系列;47
650 _a
942 _cBK
_o177.2 XE-2
999 _c12582
_d12572